Technique of electroorganic synthesis /

Сохранить в:
Библиографические подробности
Другие авторы: Tilak, B. V., Weinberg, Norman L.
Формат:
Язык:English
Опубликовано: New York : Wiley, [1974]-c1982.
Серии:Techniques of chemistry ; v. 5
Предметы:
LEADER 01180cam a2200301 a 4500
001 c000298361
003 CARM
005 20090603181803.0
008 731025m19741982nyua b 001 0 eng
019 1 |a 512972  |z 24417525  |5 LACONCORD2021 
020 |a 047193271X (v. 1) 
035 |a (OCoLC)741080  |5 LACONCORD2021 
082 0 0 |a 542 s 
082 0 0 |a 547  |2 19 
245 1 0 |a Technique of electroorganic synthesis /  |c edited by Norman L. Weinberg. 
260 |a New York :  |b Wiley,  |c [1974]-c1982. 
300 |a 3 v. :  |b ill ;  |c 23 cm. 
490 0 |a Techniques of chemistry ;  |v v. 5 
500 |a "A Wiley-Interscience publication.". 
500 |a Pt. 3 has subtitle: Scale-up and engineering aspects / edited by N.L. Weinberg, B.V. Tilak. 
504 |a Includes bibliographical references and indexes. 
650 0 |a Organic compounds  |x Synthesis. 
650 0 |a Organic electrochemistry. 
700 1 0 |a Tilak, B. V. 
700 1 0 |a Weinberg, Norman L. 
852 8 |b CARM  |h A3:AD25G0  |i C11911  |p 0541536  |f BK 
999 f f |i ca0e4920-d346-5c2b-96e1-d00d5f9e29c1  |s ebd129d4-7dfd-529d-a4d4-96670a4bc52e 
952 f f |p Can circulate  |a CAVAL  |b CAVAL  |c CAVAL  |d CARM 1 Store  |e C11911  |f A3:AD25G0  |h Other scheme  |i book  |m 0541536